000 03209nam a2200325 i 4500
003 CSPC
005 20250905131329.0
008 250903s2024 ph a b 00| 0 eng d
040 _aCSPC
_beng
_cCSPC
_erda
090 _aUTH BSOA Al16p 2024
100 1 _aAlcera, Mary Johnanna A.,
_eauthor.
245 1 0 _aProficiency level in shorthand writing :
_ba comprehensive analysis /
_cMary Johnanna A. Alcera, Ma. Princess Arcilla, Flordelyn L. Babia, Karen M. Babia, and Mary Rose An B. Boban.
260 _aBuhi, Camarines Sur :
_bCamarines Sur Polytechnic Colleges,
_c2024.
300 _a101 leaves.
336 _2rdacontent
_atext
337 _2rdamedia
_aunmediated
338 _2rdacarrier
_avolume
502 _aUndergraduate Thesis (BSOA)- Office Administration
_cCamarines Sur Polytechnic Colleges, 2024.
520 _aThis study analyzed shorthand writing proficiency among 130 2nd year Bachelor of Science in Office Administration (BSOA) students at Camarines Sur Polytechnic Colleges Buhi Campus during the 2024-2025 academic year. Using descriptive research design and weighted mean analysis, the study revealed: Demographically, respondents were 18-20 years old (80%), female (68. 46%), single. Dictation assessments showed varying proficiency levels with most students categorized as Basic, but 35 demonstrated Very Fast speeds (3 seconds). Transcription results indicated only 2 students reached Expert level, while most scored Intermediate to Basic, with 61 students categorized as Very Slow (13--15). The correlation analysis revealed significant relationships between demographic factors and shorthand writing skills. The age and sex positively correlated with transcription proficiency but negatively correlated with dictation proficiency. Civil status showed no impact. The conclusion of the study was identified that: 1.) BSOA students are predominantly young, female and single. 2.) Students demonstrated basic dictation skills, but fast speed. 3.) Students showed intermediate transcription skills but low speeds. 4.) Age and sex positively correlated with transcription proficiency, while negatively correlating with dictation proficiency and civil status showed no impact. In view of the foregoing conclusions in the study, the researchers present the following recommendations: 1.) Implement structured practice programs with daily dictations and transcription exercises. 2.) Increase dedicated shorthand instruction time and incorporate diverse teaching methods . 3.) Foster a positive learning environment emphasizing shorthand's practical value. 4.) Incorporate spelling, recitation, and transcription exercises into cvass discusssions o provide real- time practice
_b
700 1 _aArcilla, Ma. Princess
_eauthor.
700 1 _aBabia, Flordelyn L.,
_eauthor.
700 1 _aBabia, Karen M.,
_eauthor.
700 1 _aBoban, Mary Rose An B.,
_eauthor.
720 1 _aTaƱamor, Ma. Bernadette O.,
_eadviser.
720 1 _aLuzon, April V. Zaballa-
_epanelist, chair.
720 1 _aOliveros, Josefin N.,
_epanelist.
720 1 _aAdriano, Rolando B.,
_epanelist.
942 _2ddc
_n0
_cUM
_hAl16p
_iBSOA
_kUTH
_m2024
999 _c30302
_d30302